Critica del linguaggio e nuovi atti e testimonianze di critica della religione (Record n. 65454)
[ formato base ]
| 000 -LEADER | |
|---|---|
| fixed length control field | 01388nam a2200301Ia 4500 |
| 001 - CONTROL NUMBER | |
| control field | 3750 |
| 003 - CONTROL NUMBER IDENTIFIER | |
| control field | IT-RoPAU |
| 008 - FIXED-LENGTH DATA ELEMENTS--GENERAL INFORMATION | |
| fixed length control field | 130308s9999 xx 000 0 und d |
| 040 ## - CATALOGING SOURCE | |
| Original cataloging agency | IT-RoPAU |
| 040 ## - CATALOGING SOURCE | |
| Transcribing agency | IT-RoPAU |
| 041 ## - LANGUAGE CODE | |
| Language code of text/sound track or separate title | ITALIANO |
| 999 ## - SYSTEM CONTROL NUMBERS (KOHA) | |
| Koha Dewey Subclass [OBSOLETE] | SI |
| 100 ## - MAIN ENTRY--PERSONAL NAME | |
| Personal name | Testa Aldo |
| 100 ## - MAIN ENTRY--PERSONAL NAME | |
| Miscellaneous information | Codice Aut. SPICS: 784 |
| 245 ## - TITLE STATEMENT | |
| Title | Critica del linguaggio e nuovi atti e testimonianze di critica della religione |
| 245 ## - TITLE STATEMENT | |
| Remainder of title | Critica del Linguaggio e Nuovi Atti e Testimonianze di Critica della Religione |
| 250 ## - EDITION STATEMENT | |
| Edition statement | 1a ed. |
| 260 ## - PUBLICATION, DISTRIBUTION, ETC. (IMPRINT) | |
| Place of publication, distribution, etc. | ROMA/BOLOGNA |
| 260 ## - PUBLICATION, DISTRIBUTION, ETC. (IMPRINT) | |
| Name of publisher, distributor, etc. | Biblioteca Del Dialogo |
| 260 ## - PUBLICATION, DISTRIBUTION, ETC. (IMPRINT) | |
| Date of publication, distribution, etc. | 1972 [1° Ed.:1972 - Ed.Ling.Originale:1972] |
| 300 ## - PHYSICAL DESCRIPTION | |
| Extent | "246 p. (prefazione: no ; testo: 246)" |
| 500 ## - GENERAL NOTE | |
| General note | Dialogica Diacritica Dialogicità della Struttura Proposizionalita'Universale Logica e Dialogica Fondamenti Dialogici Filosofia e Dialogica Dalla Glottologia Alla Glottosofia Linguaggio Universale Conoscenza e Azione della Comunicazione Contraddizione e Differenza Filosofia e Prassi Critica della Religione Comunicazione e Religione Dialogo e Dialogica Società Comunicazione Religione trionfo dell'amore Amore e Creazione Dio Fra I Popoli Fondamenti Dialogici della Critica del Linguaggio Critica Fondamentale Prospettiva Dialogica |
| 650 ## - SUBJECT ADDED ENTRY--TOPICAL TERM | |
| Topical term or geographic name as entry element | LOGICA FILOSOFICA |
| 650 ## - SUBJECT ADDED ENTRY--TOPICAL TERM | |
| Relator term | Codice materia Spics: 3151 |
| 942 ## - ADDED ENTRY ELEMENTS (KOHA) | |
| Koha item type | LIBRO |
| 957 ## - | |
| -- | 1 |
| 999 ## - SYSTEM CONTROL NUMBERS (KOHA) | |
| -- | 1 |
| Withdrawn status | Lost status | Damaged status | Not for loan | Home library | Current library | Date acquired | Total Checkouts | Full call number | Date last seen | Price effective from | Koha item type | Public note |
|---|---|---|---|---|---|---|---|---|---|---|---|---|
| Buone Condizioni | Not For Loan | SPICS-MEDIATECA | SPICS-MEDIATECA | 08/03/2013 | 3750 | 08/03/2013 | 08/03/2013 | LIBRO | Progressivo inserimento: 1967 / N. Volumi: 1 Copie: 1 Copia Rara: SI / data import: 1 marzo 2013 - By Epidotti, Trombetti, Vaglietti. |